Las buenas conciencias
Jaime Ceballos, un joven en pleno desarrollo, busca su papel en la vida y descubrirse a sí mismo. En este proceso, el debate principal es entre cumplir los deseos de una sociedad movida por el cristianismo o dejarse llevar por sus deseos. El discurso presente es la doble moral de una sociedad con i...
Furkejuvvon:
| Váldodahkki: | |
|---|---|
| Materiálatiipa: | Girji |
| Giella: | Undetermined |
| Almmustuhtton: |
México, Distrito Federa
Fondo de Cultura Económica
1973
|
| Fáttát: | |
| Fáddágilkorat: |
Lasit fáddágilkoriid
Eai fáddágilkorat, Lasit vuosttaš fáddágilkora!
|
MARC
| LEADER | 00000nam a2200000Ia 4500 | ||
|---|---|---|---|
| 008 | 170316s9999 xx 000 0 und d | ||
| 040 | |a cru BVZT | ||
| 090 | |a 860 F-9b | ||
| 100 | |a Fuentes, Carlos |9 305 | ||
| 245 | |a Las buenas conciencias | ||
| 260 | |a México, Distrito Federa | ||
| 260 | |b Fondo de Cultura Económica | ||
| 260 | |c 1973 | ||
| 300 | |a 192 páginas | ||
| 520 | |a Jaime Ceballos, un joven en pleno desarrollo, busca su papel en la vida y descubrirse a sí mismo. En este proceso, el debate principal es entre cumplir los deseos de una sociedad movida por el cristianismo o dejarse llevar por sus deseos. El discurso presente es la doble moral de una sociedad con ideales arraigados y cerrados. | ||
| 650 | |a LITERATURA LATINOAMERICANA |9 15 | ||
| 650 | |a NOVELA |9 13 | ||
| 999 | |c 8671 |d 8671 | ||
| 942 | |c 15 D |h 860 F-9b |2 z | ||
